Developing government bond markets <a> handbook
Guardado en:
| Formato: | Libro |
|---|---|
| Lenguaje: | inglés |
| Publicado: |
Washington, D.C.
World Bank
2001
|
| Materias: | |
| Etiquetas: |
Sin Etiquetas, Sea el primero en etiquetar este registro!
|
MARC
| LEADER | 00000nam$a2200000$$$4500 | ||
|---|---|---|---|
| 001 | 0009639 | ||
| 005 | 20221129100846.9 | ||
| 020 | |a 0-8213-4955-4 | ||
| 041 | 0 | |a eng | |
| 044 | |a US | ||
| 245 | 1 | 0 | |a Developing government bond markets |b <a> handbook |
| 264 | 1 | |a Washington, D.C. |b World Bank |c 2001 | |
| 300 | |a 413 s. | ||
| 610 | 2 | 0 | |a obligácie |
| 610 | 2 | 0 | |a trh peňažný |
| 610 | 2 | 0 | |a politika menová |
| 610 | 2 | 0 | |a burzy |
| 610 | 2 | 0 | |a burzy opčné |
| 610 | 2 | 0 | |a emisia |
| 610 | 2 | 0 | |a dlhy štátne |
| 610 | 2 | 0 | |a papiere cenné |
| 610 | 2 | 0 | |a politika daňová |
| 610 | 2 | 0 | |a sektor súkromný |